| 000 | 00544nam a22001817a 4500 | ||
|---|---|---|---|
| 999 |
_c184218 _d184218 |
||
| 005 | 20220114151512.0 | ||
| 010 | _aENG-131146 | ||
| 020 |
_a978-93-5287-543-6 _c695.00 |
||
| 035 | _aEN-114678 | ||
| 037 | _bDBAD | ||
| 082 | _a327.54 | ||
| 100 | _aPant, Harsh V. | ||
| 245 |
_aIndian Foreign Policy: _cHarsh V. Pant _bAn overview/ |
||
| 260 |
_aTelangana _bOrient Blackswan Private Limited _c2020 |
||
| 270 |
_bTelangana _a3-6-752 Himayatnagar _e500029 |
||
| 300 |
_a246p. _c23cm(pbk) _bIndex |
||
| 942 |
_2ddc _cEN _h327.54 _mPAN |
||